000 01437cam a22004214i 4500
003 PE-LiUPU
005 20250731173301.0
008 150625s1990 xxk r 000 0 spa d
035 _a(Sirsi) a36065
040 _aPE-LiUPU
_bspa
_cPE-LiUPU
_erda
082 0 4 _a220.2
_bC88
_221
245 0 2 _aA complete concordance :
_bTo the Holy Scriptures of the Old and New Testaments /
_cAlexander Cruden.
264 1 _aNew York :
_bFleming H. Revell Company,
_c[1990].
300 _a618 páginas ;
_c27 centímetros
336 _atext
_2rdacontent
337 _aunmediated
_2rdamedia
338 _avolume
_2rdacarrier
505 0 _aConcordancias Bíblicas de la (A-Z).
526 _aSEG42
526 _aSEG41
526 _aSEG40
526 _aSEG39
526 _aP94
526 _aP87
526 _aP86
526 _aP85
526 _aP77
526 _aP76
526 _aP35
630 0 4 _aBiblia
_xConcordancias.
700 1 _aCruden, Alexander,
_eeditor.
910 _baj
_cnm
_d20050513
942 _2ddc
_cBOOK
949 _a220.2 C88
_wDEWEY
_c1
_i55161
_lCCODEBUL1
_mBUL
_p8.00
_r0
_sY
_tBOOK
_u2015-06-25
_xTEOLOGIA
_zUNKNOWN
_0COMPRA
_o.STAFF. Colección Teología
596 _a1
999 _a220.2 C88
_wDEWEY
_c44097
_i55161
_f2021-11-9
_g5
_lCCODEBUL1
_mBUL
_p8.00
_r0
_sY
_tBOOK
_u2015-6-25
_xTEOLOGIA
_PP35
_0COMPRA
_o.STAFF. Colección Teología
_d44097
980 _81
_gALBERTO SANCHEZ Responsable de Automatización